书目信息 |
| 题名: |
中国近代人才思想研究
|
|
| 作者: | 郑剑顺 著 | |
| 分册: | ||
| 出版信息: | 厦门 厦门大学出版社 1999 |
|
| 页数: | 294页 | |
| 开本: | 20cm | |
| 丛书名: | ||
| 单 册: | ||
| 中图分类: | C96-092 | |
| 科图分类: | ||
| 主题词: | 人才学--思想评论--中国--近代 | |
| 电子资源: | ||
| ISBN: | 7-5615-1433-6 | |
| 000 | 00579nam0 2200193 450 | |
| 001 | 0729325504 | |
| 005 | 20070729091605.56 | |
| 010 | @a7-5615-1433-6@dCNY18.00 | |
| 100 | @a20070726d1999 km y0chiy0120 ea | |
| 101 | 0 | @achi |
| 102 | @aCN | |
| 200 | 1 | @a中国近代人才思想研究@Azhong guo jin dai ren cai si xiang yan jiu@f郑剑顺著@Fzheng jian shun zhu |
| 210 | @a厦门@c厦门大学出版社@d1999 | |
| 215 | @a294页@d20cm | |
| 606 | 0 | @a人才学@x思想评论@y中国@z近代 |
| 690 | @aC96-092@v3 | |
| 701 | 0 | @a郑剑顺@Azheng jian shun@4著 |
| 801 | 0 | @aCN@bPFT@c20070729 |
| 905 | @a10447@dC96-092@e58 | |
| 中国近代人才思想研究/郑剑顺著.-厦门:厦门大学出版社,1999 |
| 294页;20cm |
| ISBN 7-5615-1433-6:CNY18.00 |
| ● |
| 相关链接 |
|
|
|
|
正题名:中国近代人才思想研究
索取号:C96-092/58
 
预约/预借
| 序号 | 登录号 | 条形码 | 馆藏地/架位号 | 状态 | 备注 |
| 1 | 0784302 | 207843020 | 第一样本阅览室/ [索取号:C96-092/58] | 在馆 |